| 000 | 01381cam a22003011i 4500 | ||
|---|---|---|---|
| 003 | SA-RiAUC | ||
| 005 | 20250506053843.0 | ||
| 008 | 250505s2005____le g 000r0 ara c | ||
| 040 |
_aSA-JeALM _bara _cSA-RiAUC _erda |
||
| 082 | 0 | 4 |
_a232 _qSA-RiAUC |
| 090 |
_a232 _bم ر ت |
||
| 100 | 1 |
_aمرتضى الزبيدي، محمد بن محمد بن محمد، _d1145-1205 هجري _eمؤلف. |
|
| 245 | 1 | 0 |
_aألفية السند / _cمحمد مرتضى الزبيدي الحسيني ؛ اعتنى بها وقرأها نظام يعقوبي. |
| 250 | _aالطبعة الأولى. | ||
| 264 | 1 |
_aبيروت : _bدار البشائر الإسلامية للطباعة والنشر والتوزيع، _c2005 |
|
| 300 |
_a306 صفحة ؛ _c24 سم. |
||
| 336 |
_aنص _btxt _2rdacontent _3كتاب |
||
| 337 |
_aبدون وسيط _bn _2rdamedia |
||
| 338 |
_aمجلد _bnc _2rdacarrier |
||
| 490 | 1 |
_aدفائن الخزائن ؛ _v12 |
|
| 500 | _aتوجد ملاحظات من الشيخ رحمه الله في داخل الكتاب. | ||
| 650 | 7 |
_aالحديث _xإسناد _2aucsh |
|
| 650 | 7 |
_aعلم دراية الحديث _2aucsh |
|
| 700 | 1 |
_aيعقوبي، نظام محمد صالح _eمراجع. |
|
| 830 | 0 |
_aسلسلة دفائن الخزائن (مكتبة نظام يعقوبي الخاصة) _v12 |
|
| 942 |
_2ddc _cBOOK _n0 |
||
| 949 |
_aSA-JeALM _d250505 _umohamedma123 _n1 |
||
| 999 |
_c7630 _d7630 |
||